| 000 -LEADER |
| fixed length control field |
00791cam a22002654a 4500 |
| 001 - CONTROL NUMBER |
| control field |
16818338 |
| 005 - DATE AND TIME OF LATEST TRANSACTION |
| control field |
20180216050757.0 |
| 008 - FIXED-LENGTH DATA ELEMENTS--GENERAL INFORMATION |
| fixed length control field |
110609s2012 maua 000 0 eng |
| 010 ## - LIBRARY OF CONGRESS CONTROL NUMBER |
| LC control number |
2011024235 |
| 020 ## - INTERNATIONAL STANDARD BOOK NUMBER |
| International Standard Book Number |
9780136089889 (hbk.) |
| 020 ## - INTERNATIONAL STANDARD BOOK NUMBER |
| International Standard Book Number |
0136089887 (hbk.) |
| 020 ## - INTERNATIONAL STANDARD BOOK NUMBER |
| International Standard Book Number |
9780132110471 (hbk.) |
| 020 ## - INTERNATIONAL STANDARD BOOK NUMBER |
| International Standard Book Number |
0132110474 (hbk.) |
| 040 ## - CATALOGING SOURCE |
| Original cataloging agency |
DLC |
| Transcribing agency |
DLC |
| 041 ## - LANGUAGE CODE |
| Language code of text/sound track or separate title |
eng |
| 042 ## - AUTHENTICATION CODE |
| Authentication code |
pcc |
| 080 ## - UNIVERSAL DECIMAL CLASSIFICATION NUMBER |
| Universal Decimal Classification number |
339 HUB |
| 082 00 - DEWEY DECIMAL CLASSIFICATION NUMBER |
| Classification number |
339 HUB |
| Edition number |
23 |
| 100 1# - Rafti |
| Rafti |
52 |
| 101 ## - Shkurtesa |
| Shkurtesa |
MAK |
| 245 10 - TITLE STATEMENT |
| Title |
Macroeconomics / |
| Statement of responsibility, etc |
R. Glenn Hubbard, Anthony Patrick O'Brien, Matthew Rafferty. |
| 906 ## - LOCAL DATA ELEMENT F, LDF (RLIN) |
| a |
7 |
| b |
cbc |
| c |
orignew |
| d |
1 |
| e |
ecip |
| f |
20 |
| g |
y-gencatlg |
| 942 ## - ADDED ENTRY ELEMENTS (KOHA) |
| Source of classification or shelving scheme |
|
| Item type |
Books |